IN THE BLACK SOIL IN THE SOIL (Record no. 792059)

MARC details
000 -LEADER
fixed length control field 00366pam a2200145a 44500
008 - FIXED-LENGTH DATA ELEMENTS--GENERAL INFORMATION
fixed length control field 230405s2015 xxu||||| |||| 00| 0 eng d
041 ## - LANGUAGE CODE
Language code of text/sound track or separate title ENG
245 ## - TITLE STATEMENT
Title IN THE BLACK SOIL IN THE SOIL
260 ## - PUBLICATION, DISTRIBUTION, ETC.
Place of publication, distribution, etc. DHULE
Name of publisher, distributor, etc. MRS SAVITRI SUBHASH PATIL
Date of publication, distribution, etc. 2015
300 ## - PHYSICAL DESCRIPTION
Extent 44p.
440 ## - SERIES STATEMENT/ADDED ENTRY--TITLE
Title SOURCE= VITTHAL WAGH
650 ## - SUBJECT ADDED ENTRY--TOPICAL TERM
Topical term or geographic name entry element ENGLISH POETRY
690 ## - LOCAL SUBJECT ADDED ENTRY--TOPICAL TERM (OCLC, RLIN)
Topical term or geographic name as entry element ENGLISH
906 ## - LOCAL DATA ELEMENT F, LDF (RLIN)
a 11844
Holdings
Withdrawn status Lost status Damaged status Not for loan Collection Home library Current library Date acquired Total Checkouts Full call number Barcode Date last seen Price effective from Koha item type
          Dr.Patangrao Kadam Mahavidyalaya, Sangli Dr.Patangrao Kadam Mahavidyalaya, Sangli 29/01/2016   821/WAG PKS-J-3458 26/07/2023 26/07/2023 Book